US Army Bases (CONUS) Quiz Stats

 Plays Quiz not verified by Sporcle

Score 0/53 Timer 10:00
0 Plays Today
Location Base % Correct
GeorgiaFort Benning
78%
North CarolinaFort Bragg
77.5%
TexasFort Hood
75.8%
KentuckFort Knox
73%
New YorkFort Drum
71%
New JerseyFort Dix
70.2%
South CarolinaFort Jackson
67.9%
OklahomaFort Sill
65.4%
WashingtonFort Lewis
64.1%
KentuckyFort Campbell
61.9%
MissouriFort Leonard Wood
61.1%
VirginiaFort Lee
58.6%
ColoradoFort Carson
57.6%
LouisianaFort Polk
57.3%
GeorgiaFort Stewart
57.1%
TexasFort Bliss
56.8%
MarylandFort Meade
55.1%
KansasFort Riley
54.5%
AlabamaFort Rucker
49.2%
CaliforniaFort Irwin
46.7%
TexasFort Sam Houston
46.7%
KansasFort Leavenworth
46.5%
GeorgiaFort Gordon
44.4%
ArizonaFort Huachuca
43.7%
HawaiiSchofield Barracks
43.2%
AlaskaFort Wainwright
40.7%
VirginiaFort Eustis
39.6%
Location Base % Correct
AlaskaFort Richardson
34.1%
VirginiaFort Belvoir
33.1%
New YorkWest Point
32.6%
WisconsinFort McCoy
30.3%
MarylandAberdeen Proving Grounds
29%
AlabamaRedstone Arsenal
28%
GeorgiaHunter Army Airfield
25.5%
MarylandFort Detrick
25.5%
New YorkFort Hamilton
25.5%
HawaiiFort Shafter
24.7%
VirginiaFort Myer
23%
AlaskaFort Greely
21.7%
District of ColumbiaFort McNair
20.7%
MassachusettsFort Devens
19.9%
PennsylvaniaCarlisle Barracks
19.7%
VirginiaFort Monroe
19.7%
GeorgiaFort McPherson
18.2%
IllinoisRock Island Arsenal
17.9%
UtahDugway Proving Grounds
17.4%
New JerseyFort Monmouth
16.4%
VirginiaFort Story
16.2%
CaliforniaFort Hunter Ligget
13.4%
New JerseyPicatinny Arsenal
11.4%
ArkansasPine Bluff Arsenal
10.9%
New MexicoWhite Sands Missle Range
10.4%
GeorgiaFort Gillem
7.6%

You're not logged in!

Compare scores with friends on all Sporcle quizzes.
OR
Log In

Show Comments

Extras

Created Oct 21, 2010SourceReportNominate
Tags:War Quiz, army, military

Top Quizzes Today


Score Distribution

Your Account Isn't Verified!

In order to create a playlist on Sporcle, you need to verify the email address you used during registration. Go to your Sporcle Settings to finish the process.

Report this User

Report this user for behavior that violates our Community Guidelines.

Details: